| 000 | 00425nam a2200169Ia 4500 | ||
|---|---|---|---|
| 003 | 0STCL | ||
| 008 | 150530s9999 xx 000 0 und d | ||
| 040 |
_aSTCL _cSTCL |
||
| 100 | _aThomas, A.O. | ||
| 245 | _aRasathanthram Nithyajeevithathil | ||
| 260 |
_bState Institute of Lanagauge; Trivandrum _c1971 _aTrivandrum |
||
| 300 | _a0 | ||
| 546 | _aMalayalam | ||
| 942 |
_2ddc _cBK |
||
| 999 |
_c17791 _d17791 |
||
| 005 | 20220125165815.0 | ||